| 000 | 00668nam a2200241ui 4500 | ||
|---|---|---|---|
| 001 | 407736335 | ||
| 003 | UkMaC | ||
| 005 | 20230411154251.0 | ||
| 008 | 211201s2021 enk|||| | |||| ||eng d | ||
| 020 | _a9780241396094 (pbk.) | ||
| 035 | _a(StEdALDL)1/4107082 | ||
| 035 | _a(UkOxU)022720865 | ||
| 035 | _a(UkCU)991006829198603606 | ||
| 040 |
_aStEdALDL _beng _erda _cStEdALDL |
||
| 082 | _a813.54 | ||
| 245 | 0 | 0 |
_aApples never fall / _cLiane Moriarty. |
| 264 | 1 |
_aLondon : _bMichael Joseph, _c2021. |
|
| 336 |
_atext _2rdacontent. |
||
| 337 |
_aunmediated _2rdamedia. |
||
| 338 |
_avolume _2rdacarrier. |
||
| 942 |
_2ddc _cFIC |
||
| 999 |
_c9537 _d9538 |
||